| 000 | 00606nam a2200205Ia 4500 | ||
|---|---|---|---|
| 001 | 12641 | ||
| 003 | GE_BSU | ||
| 008 | 181216s||||||||xx |||||||||||||| ||und|| | ||
| 040 | _cGE_BSU | ||
| 080 | _a635.032/034 | ||
| 100 | _aАлексашин.В.И. Андреева,Р.А. Антонов,Ю. | ||
| 245 | _aОвощеводство открытого грунта | ||
| 245 | _cПод.ред.В.Ф.Белика | ||
| 260 | _aМосква | ||
| 260 | _bКолос | ||
| 260 | _c1984 | ||
| 300 | _a335стр.22см. | ||
| 653 | _aОвощеводство открытого грунта | ||
| 942 | _cBK | ||
| 999 |
_c45812 _d45812 |
||